| 000 | 01766cam a22004217a 4500 | ||
|---|---|---|---|
| 003 | CHAP | ||
| 005 | 20240408105508.0 | ||
| 008 | 971013s r 00010 d | ||
| 010 | _a67278 | ||
| 011 | _a68250 | ||
| 035 | _a77722 | ||
| 040 | _cCHAP | ||
| 082 |
_a526.982 _bC38 |
||
| 100 | 1 | 0 |
_aCarrillo Espinosa, Guillermo _919474 |
| 245 | 0 | _aAlgunos métodos prácticos en la resolución de ejercicios fotogramétricos y cartográficos | |
| 260 |
_aChapingo, Méx. : _bUACH. División de Ciencias Forestales |
||
| 300 | _a45 p. | ||
| 490 | 0 |
_aSerie de apoyo _v; 32 |
|
| 590 |
_aBATCH-UPD _b10 _c20130110 _lUCH01 _h0718 |
||
| 590 |
_aBATCH-UPD _b10 _c20130410 _lUCH01 _h0403 |
||
| 590 |
_aBATCH-UPD _b10 _c20130914 _lUCH01 _h0853 |
||
| 590 |
_aCONVERSION _b10 _c20130109 _lUCH01 _h1337 |
||
| 650 | 1 | 4 |
_aCartografía. _919644 |
| 650 | 1 | 4 |
_aFotogrametría. _942720 |
| 830 | 0 |
_aSerie de apoyo _v; 32 _9104680 |
|
| 901 | _aBK | ||
| 942 | _cLIBRO | ||
| 949 |
_a526.982 C38 _bBC _cLIBRO _d33724000282695 _eLIBRO _h73049 _i77722 _si |
||
| 949 |
_a526.982 C38 _bBC _cLIBRO _d33724000282703 _eLIBRO _fc.5 _h73053 _i77722 _si |
||
| 949 |
_a526.982 C38 _bBC _cLIBRO _d33724000282711 _eLIBRO _fc.9 _h73057 _i77722 _si |
||
| 949 |
_a526.982 C38 _bBC _cLIBRO _d33724000282729 _eLIBRO _fc.7 _h73055 _i77722 _si |
||
| 949 |
_a526.982 C38 _bBC _cLIBRO _d33724000282802 _eLIBRO _fc.6 _h73054 _i77722 _si |
||
| 949 |
_a526.982 C38 _bBC _cLIBRO _d33724000282810 _eLIBRO _fc.4 _h73052 _i77722 _si |
||
| 949 |
_a526.982 C38 _bBC _cLIBRO _d33724000282828 _eLIBRO _fc.8 _h73956 _i77722 _si |
||
| 949 |
_a526.982 C38 _bBC _cLIBRO _d33724000282836 _eLIBRO _fc.2 _h73050 _i77722 _si |
||
| 949 |
_a526.982 C38 _bBC _cLIBRO _d33724000282844 _eLIBRO _fc.3 _h73051 _i77722 _si |
||
| 949 |
_a526.982 C38 _bBC _cUACH _d-92723 _eUACH _fc.10 _h73058 _i77722 _si |
||
| 999 |
_c67278 _d67278 |
||